| 000 | 01209cam a2200241 4500 | ||
|---|---|---|---|
| 001 | ##L130292 | ||
| 008 | 050712n1999 000 0 eng u | ||
| 020 | _a0070220700 | ||
| 035 | _a(Sirsi) u130292 | ||
| 041 | 0 | _aeng | |
| 050 | 0 | 4 | _a624.184 $2 21 |
| 245 | 0 | 0 | _aWood engineering and construction handbook |
| 250 | _a3rd ed. | ||
| 260 | 3 |
_aBoston _bMcGraw-Hill Education _c1999 |
|
| 300 |
_axi, ca.1000p. _bill _c23cm. |
||
| 350 | _a53.99 | ||
| 490 | 0 | _aMcGraw-Hill Handbooks | |
| 520 | _aHandbook aimed at providing the information and procedures needed to design virtually any type of wood structure or structural wood component. Gives design equations, design procedures (with examples) and design data for structural panel products, adhesives, shearwalls and diaphragms, and trusses and timber bridges. Includes basic information on the physical and mechanical properties of wood, commercial timber and other wood product standards, preservatives and fire resistant nails. Also includes an appendix of reference data. | ||
| 690 | _aBUILT ENVIRONMENT-BUILDING MATERIALS-TIMBER-TIMBER AND WOOD | ||
| 700 | 1 |
_aFaherty, Keith F. _eEditor |
|
| 700 | 1 |
_aWilliamson, Thomas G. _eEditor |
|
| 942 | _n0 | ||
| 999 |
_c104430 _d104430 |
||